Operations management in the supply chain : (Record no. 18590)
[ view plain ]
| 000 -LEADER | |
|---|---|
| fixed length control field | 01181nam a22003137a 4500 |
| 005 - DATE AND TIME OF LATEST TRANSACTION | |
| control field | 20201128021120.0 |
| 008 - FIXED-LENGTH DATA ELEMENTS--GENERAL INFORMATION | |
| fixed length control field | 141110t2013 xxua frb 001 0 eng d |
| 020 ## - INTERNATIONAL STANDARD BOOK NUMBER | |
| International Standard Book Number | 9781259060878 |
| 020 ## - INTERNATIONAL STANDARD BOOK NUMBER | |
| Cancelled/invalid ISBN | 125906087X |
| 040 ## - CATALOGING SOURCE | |
| Original cataloging agency | EG-ScBUE |
| 082 00 - DEWEY DECIMAL CLASSIFICATION NUMBER | |
| Edition number | 22 |
| Classification number | 658.5 |
| Item number | SCH |
| 100 1# - MAIN ENTRY--PERSONAL NAME | |
| Personal name | Schroeder, Roger G. |
| 9 (RLIN) | 3470 |
| 245 10 - TITLE STATEMENT | |
| Title | Operations management in the supply chain : |
| Remainder of title | decisions and cases / |
| Statement of responsibility, etc | Roger G Schroeder; Susan Meyer Goldstein, M. Johnny Rungtusanatham |
| 250 ## - EDITION STATEMENT | |
| Edition statement | 6th ed. |
| Remainder of edition statement | McGraw-Hill international ed. |
| 260 ## - PUBLICATION, DISTRIBUTION, ETC. (IMPRINT) | |
| Place of publication, distribution, etc | New York, United States : |
| Name of publisher, distributor, etc | McGraw-Hill / Irwin, |
| Date of publication, distribution, etc | c.2013. |
| 300 ## - PHYSICAL DESCRIPTION | |
| Extent | xviii, 558 p. : |
| Other physical details | ill. ; |
| Dimensions | 26 cm. |
| 490 1# - Series Statement | |
| Series statement | The McGraw-Hill/Irwin series operations and decision sciences |
| 500 ## - GENERAL NOTE | |
| General note | Includes appendixes. |
| 500 ## - GENERAL NOTE | |
| General note | Index : p. 535-558. |
| 504 ## - BIBLIOGRAPHY, ETC. NOTE | |
| Bibliography, etc | Includes bibliographical references. |
| 650 #0 - SUBJECT ADDED ENTRY--TOPICAL TERM | |
| Topical term or geographic name as entry element | Production management |
| 9 (RLIN) | 1855 |
| 650 #0 - SUBJECT ADDED ENTRY--TOPICAL TERM | |
| 9 (RLIN) | 12112 |
| Topical term or geographic name as entry element | Decision making |
| 653 ## - INDEX TERM--UNCONTROLLED | |
| Resource For college | BAEPS, Business Administration |
| Arrived date list | November2014 |
| 655 ## - INDEX TERM--GENRE/FORM | |
| Form subdivision | |
| -- | 34232 |
| 700 1# - ADDED ENTRY--PERSONAL NAME | |
| Personal name | Goldstein, Susan Meyer |
| 9 (RLIN) | 36479 |
| 700 1# - ADDED ENTRY--PERSONAL NAME | |
| Personal name | Rungtusanatham, M. Johnny |
| 9 (RLIN) | 36480 |
| 830 #0 - SERIES ADDED ENTRY--UNIFORM TITLE | |
| Uniform title | McGraw-Hill/Irwin series operations and decision sciences |
| 942 ## - ADDED ENTRY ELEMENTS (KOHA) | |
| Source of classification or shelving scheme | Dewey Decimal Classification |
| Call number prefix | 658.5 SCH |
| Withdrawn status | Item status | Source of classification or shelving scheme | Damaged status | Not for loan | Vendor | Home library | Current library | Shelving location | Date acquired | Source of acquisition | Cost, normal purchase price | Serial Enumeration / chronology | Total Checkouts | Total Renewals | Full call number | Barcode | Date last seen | Date last borrowed | Cost, replacement price | Koha item type |
|---|---|---|---|---|---|---|---|---|---|---|---|---|---|---|---|---|---|---|---|---|
| Dewey Decimal Classification | Baccah | Central Library | Central Library | First floor | 10/11/2014 | 252.00 | 20677 | 1 | 1 | 658.5 SCH | 000036968 | 15/07/2025 | 20/10/2015 | 315.00 | Book - Borrowing |